Griechische Bürgerkriegsländer - Statistiken

Allgemein
  • Dieses Quiz wurde 20 mal gespielt
  • Das Durchschnittsergebnis liegt bei 5 aus 7
Antwortstatistiken
Antwort % Korrekt
Bulgarien
82%
Griechenland
82%
Jugoslawien
76%
Vereinigte Staaten
76%
Albanien
71%
Vereinigtes Königreich
71%
Sovietunion
0%
Keine übereinstimmenden Quizze gefunden
Verteilung der Resultate
Anzahl Personen mit jedem Resultat
Perzentil nach korrekt beantworteten Fragen
Ihre Resultats-Entwicklung
Sie haben dieses Quiz noch nicht gespielt